000 01537cam a2200325 a 4500
005 20260322212030.0
008 data
010 _a 2011284529
020 _a9780756686734
020 _a0756686733
040 _aBTCTA
_beng
_cBTCTA
_dDLC
_dYAM
_dJP3
_dYAM
_dDLC
042 _alccopycat
050 0 0 _aGN281
_b.E8923 2011
092 _a599.9 E8923 2011
245 1 0 _aEvolution :
_bthe human story /
_cAlice M. Roberts.
250 _a1st American ed.
260 _aNew York :
_bDK Pub.,
_c2011.
300 _a256 p. :
_bcol. ill., col. maps ;
_c31 cm.
500 _aIncludes index.
505 0 _aUnderstanding our past / author, Michael J. Benton ; consultants, Fiona Coward, Paul O'Higgins -- Primates / author, Colin Groves ; consultant, Eric J. Sargis -- Hominins / author, Kate-Robson-Brown, with contributions by Fiona Coward ; consultant, Katerina Harvati -- Out of Africa / author, Alice Roberts ; consultant, Stephen Oppenheimer -- From hunters to farmers / author, Jane McIntosh ; consultant, Peter Bogucki.
650 0 _aHuman evolution.
650 0 _aPaleoanthropology.
700 1 _aRoberts, Alice M.
856 4 2 _3Publisher description
_uhttp://www.loc.gov/catdir/enhancements/fy1202/2011284529-d.html
856 4 2 _3Contributor biographical information
_uhttp://www.loc.gov/catdir/enhancements/fy1202/2011284529-b.html
906 _a7
_bcbc
_ccopycat
_d2
_encip
_f20
_gy-gencatlg
925 0 _aacquire
_b2 shelf copies
_xpolicy default
001 data
999 _c687
_d687